| 000 | 01407nam a2200325 i 4500 | ||
|---|---|---|---|
| 003 | DO-SdBNP | ||
| 005 | 20250708124715.0 | ||
| 007 | ta | ||
| 008 | 250708b2025 dr ||||| |||| 00| 0 spa d | ||
| 020 | _a9789945907827 | ||
| 040 |
_aDO-SdBNP _bspa _cBNPHU _erda |
||
| 041 | _aspa | ||
| 082 | 4 |
_axxx _bM433p _222 |
|
| 100 | 1 |
_aMatos Moquete, Manuel, _d1944- _eautor _4aut. _96349 |
|
| 245 | 1 | 0 |
_aPlinio, los años terribles / _cManuel Matos Moquete ; edición al cuidado de Emilia Pereyra ; prólogo, Rafael Chaljub Mejía. |
| 264 | 4 |
_aSanto Domingo, República Dominicana : _cPublicaciones Matos Moquete, _b2025. |
|
| 300 |
_a290 páginas : _bilustraciones, retratos ; _c23 cm. |
||
| 336 |
_atexto _btxt _2rdacontent |
||
| 337 |
_asin mediación _bn _2rdamedia |
||
| 338 |
_avolumen _bnc _2rdacarrier |
||
| 500 | _aIncluye datos biográficos del autor en las solapas. | ||
| 500 | _aIncluye referencias bibliográficas y notas al pie de las páginas | ||
| 504 | _aBibliografía: páginas 283-290 | ||
| 505 | _aPrólogo -- Idiosincrasia, estirpe y talante -- 2. Rebeldía en la era de Trujillo -- En la borrasca del 30 mayo 1961 -- Militancia, vinculaciones y colaboraciones -- 5. Captura, prisión y amnistía | ||
| 590 | _aInventariado, 2025 /LP | ||
| 700 | 1 |
_aPereyra, Emilia _eeditor _4ed. _9478 |
|
| 700 | 1 |
_aChaljub Mejía, Rafael _eprologuista _4pr. _988279 |
|
| 910 | _aLP | ||
| 942 |
_2ddc _cLBS1 |
||
| 999 |
_c59457 _d59457 |
||